000 00838nam a2200265Ia 4500
003 OSt
005 20220930090452.0
006 a|||||r|||| 00| 0
007 ta
008 220926b |||||||| |||| 00| 0 hin d
024 _a109652
037 _cTheses
040 _aCRL
_cCRL
_bhin
041 _2hin
_ahin
100 _aYadav Suman
_9541834
110 _aKashi Hindu Vishwavidhyalya, Varanasi. Faculty of Arts. Department of Sanskrit
_9542580
245 0 _aPramukh Upanishadon mein pratipadit gunn
_b Ek parisheelan
260 _c2009
300 _a235p.
_ap.
_ccm.
650 _aSANSKRIT
700 _a Dr. Vimla Karnatak Gu.
_9542581
700 _aKashi Hindu Vishwavidhyalya, Varanasi. Faculty of Arts. Department of Sanskrit
_9542582
942 _cDIS
_2CC
999 _c880602
_d880602